000 00683nam a2200253Ia 4500
003 OSt
005 20221005032520.0
006 a|||||r|||| 00| 0
007 ta
008 221004b |||||||| |||| 00| 0 eng d
024 _a57645
037 _cTextual
040 _aCRL
_cCRL
_beng
041 _2eng
_aeng
082 _aT:3(P111), N0
100 _aBritton James Ed.
_9585210
245 0 _aTeaching and learning English world wide.
260 _aClevedon
_bMultilingual Matters
_c1990
300 _a358p.
_ccm.
650 _a TEACHING
_934578
650 _aEDUCATION
942 _hT:3(P111), N0
_cTEXL
_2cc
999 _c939844
_d939844